Części Garderoby Męskiej - Statystyki

Ogólne statystyki
  • Ten quiz został rozwiązany 132 razy
  • Średni wynik to 7 z 15
Statystyki odpowiedzi
Odpowiedź % Poprawnych
Spodnie
94%
Koszula
92%
Krawat
76%
Bokserki
72%
Bluza
64%
Garnitur
62%
Marynarka
56%
Mucha
50%
Dres
32%
Płaszcz
27%
Sweter
23%
Sweter
23%
Jeansy
21%
Pantofle
20%
Krótkie spodenki
12%
Nie znaleziono quizów pasujących do podanych kryteriów
Rozkład punktacji
Procent ludzi z każdym wynikiem
Percentyl według liczby udzielonych odpowiedzi
Twoja historia wyników
Nie rozwiązałeś tego quizu